| 000 | 00595nam a2200205Ia 4500 | ||
|---|---|---|---|
| 005 | 20230615125812.0 | ||
| 008 | 131103s9999 xx 000 0 und d | ||
| 040 | _aLoreto College | ||
| 041 | _aEnglish | ||
| 082 |
_a940.25 _bBEL |
||
| 100 | _aBeloff,Max | ||
| 245 | 4 |
_aThe age of absolutism 1660 - 1815 _cMax Beloff |
|
| 260 |
_aLondon _bHuthchinson University Library _c1954 (1967 printing) |
||
| 300 | _a190 p. | ||
| 504 | _aIncludes bibliographical references and index | ||
| 650 | _aModern History | ||
| 651 | _aEurope - Modern History,1660 - 1815 | ||
| 850 | _aLCLIB | ||
| 942 | _cBK | ||
| 999 |
_c4013 _d54492 |
||